000
00225nam a22001097a 4500
003
SGT
082
_a
546,LEE
100
_a
LEE, J.D.
245
_a
CONCISE INORGANIC CHEMISTRY
260
_b
BLACKWEA PUB
942
_2
ddc
_c
GF BOOKS
999
_c
34425
_d
34425